000 00500nam a2200133 a 4500
008 120416s1975 ||||||||||||||||| || u
050 _aRA 968 Amm
100 _aAmmer, Dean S
245 1 0 _aPurchasing and materials management for health care institutions
260 _aLexington
_bLexington Books
_c1975
300 _axvi, 173p.
350 _a0.00
995 _D0.00
_FCBU-MAIN LIBRARY (Kitwe)
_H1
_I0.00
_UAVAILABLE
_ZAnnex Low-Usage Collection
999 _c55350
_d55350